| 000 | 00683nam a2200217Ia 4500 | ||
|---|---|---|---|
| 999 |
_c41601 _d41601 |
||
| 001 | 8270 | ||
| 003 | GE_BSU | ||
| 005 | 20221114163249.0 | ||
| 008 | 181216s2010||||en |||||||||||||| ||enk|| | ||
| 020 | _a9781842168233x | ||
| 041 | _aenk | ||
| 080 | _a811.111'36(076) E-93 | ||
| 100 |
_aEvans Virginia. _93157 |
||
| 245 |
_aWork book: Enterprise 4 : _cVirginia Evans; Jenny Dooley. _bIntermediate / |
||
| 264 |
_aMade in EU : _bExpress Publishing, _c2010. |
||
| 300 |
_a84 p .: _bill; _c27 cm. |
||
| 653 | _aWork book:Enterprise 4 : Intermediate | ||
| 653 | _aინგლისური ენის გრამატიკა | ||
| 700 |
_aDooley Jenny _93165 |
||
| 942 |
_cBK _2udc |
||